Cluster - one type of business networks - some advantages and weakness

Obchodná sieť a klaster. Vertikálne siete, horizontálne siete. Výhody a nevýhody klastrov.

Guardado en:
Detalles Bibliográficos
Autor principal: Demjanová, Lucia, 1981-
Otros Autores: Struckel, Peter
Formato: Capítulo de libro
Lenguaje:inglés
Materias:
Etiquetas: Agregar Etiqueta
Sin Etiquetas, Sea el primero en etiquetar este registro!

MARC

LEADER 00000nla$a2200000$$$4500
001 0122379
005 20240502072401.9
041 0 |a eng 
044 |a SK 
245 1 0 |a Cluster - one type of business networks - some advantages and weakness  |c Lucia Demjanová, Peter Struckel 
520 |a Obchodná sieť a klaster. Vertikálne siete, horizontálne siete. Výhody a nevýhody klastrov. 
610 2 0 |a siete obchodné 
610 2 0 |a klaster 
100 1 |a Demjanová, Lucia, 1981- 
700 1 |a Struckel, Peter